000 00801cam a2200241 a 4500
001 000009863
005 20200929161734.0
008 940915s1993 ck 000 p spa c
040 _aDO-SdBNP
_cCU
082 _aC861.44
_bU76c
100 1 _aUribe Pinto, Roberto,
_d1928-
_924801
245 1 0 _aCorrientes interiores y otros poemas /
_cRoberto Uribe Pinto.
260 _aSantafé de Bogotá, (Colombia) :
_bInstituto Caro y Cuervo,
_c1993.
300 _a112 p. ;
_c20 cm.
490 1 _aLa Granada entreabierta
_v66
650 4 _aPoesía colombiana
_93742
650 4 _aPoesía amorosa
_99227
650 4 _aLiteratura colombiana
_91244
650 4 _aPoesía colombiana
_xColecciones
_98105
830 0 _aLa Granada Entreabierta ;
_v66
_921477
910 _aCatalogación por copia / LC
049 _aBNGR
999 _c9622
_d9622